00825cam a22002411 4500001001300000003000400013005001700017008004100034010001700075035001900092040002800111042001200139050002100151100003900172245010200211260005700313300006400370490004000434500001700474504002600491650004000517650002600557gs 07000488 DLC20260227111305.0770126s1901 nyu 000 0 eng  ags 07000488  a(OCoLC)2701323 aDLCcNFredUdOCoLCdDLC apremarc00aQ11b.N82 no. 481 aWoodworth, Jay Backus,d1865-1925.10aPleistocene geology of portions of Nassau County and borough of Queens,cby Jay Backus Woodworth. aAlbany,bUniversity of the State of New York,c1901. a[617]-670 p.billus., 9 plates (incl. 2 fold. maps)c25 cm.0 aNew York State Museum. Bulletin 48 aCover title. aBibliography: p. 664. 0aGeology, StratigraphicyQuaternary. 0aGeologyzLong Island.